Normal view
MARC view
- عبيد،محمد صابر
Entry Personal Name
001 - CONTROL NUMBER
- control field: 23586
003 - CONTROL NUMBER IDENTIFIER
- control field: JO-AjAnu
005 - DATE AND TIME OF LATEST TRANSACTION
- control field: 20230606074043.0
008 - FIXED-LENGTH DATA ELEMENTS
- fixed length control field: 230606|| aca||aabn | a|a d
040 ## - CATALOGING SOURCE
- Original cataloging agency: JO-AjAnu
- Transcribing agency: JO-AjAnu
100 ## - HEADING--PERSONAL NAME
- Personal name: عبيد،محمد صابر
670 ## - SOURCE DATA FOUND
- Source citation: Work cat.: (JO-AjAnu)12122: عبيد،محمد صابر, author, حركية التعبير الشعري:رذاذ اللغة ومرايا الصورة في شعر عز الدين المناصرة [قراءات ومنتخبات]